Представление документа в формате RUSMARC

ПолеНазваниеЗначение
  Тип записи a
  Библиографический уровень m
001 Контрольный номер RU/SLIB/B/227810051
005 Дата корректировки 20201206204500.6
010 Индекс ISBN __
a ISBN 5-9558-0039-5
d Цена 98-67
101 Язык документа __
a Язык текста rus
c Язык оригинала rus
200 Заглавие и сведения об ответственности 1_
a Заглавие Долгосрочная и краткосрочная финансовая политика предприятия
e Сведения, относящиеся к заглавию учеб. пособие для студентов высш. учеб. заведений, обучающихся по специальности 080105 "Финансы и кредит"
f Первые сведения об ответственности О. Н. Лихачева, С. А. Щуров ; под ред. И. Я. Лукасевича
b Общее обозначение материала Текст
210 Выходные данные __
a Место издания М.
c Издательство Вуз. учеб.
d Дата издания 2007
215 Физическое описание __
a Объем 287 с.
c Иллюстрации/тип воспроизводства ил.
225 Серия __
a Серия Вузовский учебник
320 Библиография __
a Библиография Список использ. лит.: с. 285-286 (43 назв.)
330 Аннотация __
a Аннотация Раскрыты основные вопросы сущности долгосрочной и краткосрочной политики предприятия. Дана характеристика источников и форм долгосрочного финансирования деятельности предприятия. Изложена организация и технология проведения финансового планирования и бюджетирования. Показано содержание дивидендной, ценовой политики, управления структурой капитала, текущими издержками, оборотным капиталом предприятия.
606 Тематические рубрики __
a Основная рубрика Экономика
606 Тематические рубрики __
a Основная рубрика Финансы предприятия
610 Ключевые слова __
a Ключевые слова финансовая политика; долгосрочная финансовая политика; финансовое планирование; финансовое прогнозирование; бюджетирование; текущие издержки; ценовая политика предприятия; капитал предприятия; управление капиталом; дивиденды; дивидендная политика; организация бюджетирования; технологии бюджетирования; дифференциация затрат; операционный анализ
686 Индексы других классификаций __
a Классификационный индекс 65.291.9я73
700 Автор _1
a Фамилия Лихачева
b Имя О. Н.
g Полное личное имя Ольга Николаевна
4 Код отношения 070
701 Альтернативная интеллектуальная ответственность _1
a Фамилия Щуров
b Имя С. А.
g Полное личное имя Сергей Александрович
4 Код отношения 070
801 Источник записи _0
a Страна RU
b Организация Муниципальное бюджетное учреждение культуры "Централизованная библиотечная система" г. Сургут (Центральная городская библиотека им. А. С. Пушкина)
g Правила каталогизации КиК/Поспелова
801 Источник записи _1
a Страна RU
b Организация Муниципальное бюджетное учреждение культуры "Централизованная библиотечная система" г. Сургут (Центральная городская библиотека им. А. С. Пушкина)
g Правила каталогизации КиК/Поспелова
852 Данные о местонахождении __
j Шифр хранения 65.291.9я73
c Каталожный индекс 65.290-93я73
i Авторский знак Л 65
901 Тип документа __
t Тип документа m
903 Характеристики (МАРС) __
a Дата передачи 20070322
969 Тип издания __
a Тип издания учебное пособие
990 Данные о заказе (DOS) __
j Количество экземпляров (DOS) 3
t N записи в КСУ для И/У (DOS) 200704